Normal view
MARC view
- Gilbert, M Masters
Entry Personal Name
001 - CONTROL NUMBER
- control field: 7756
003 - CONTROL NUMBER IDENTIFIER
- control field: OSt
005 - DATE AND TIME OF LATEST TRANSACTION
- control field: 20250823145742.0
008 - FIXED-LENGTH DATA ELEMENTS
- fixed length control field: 250823|| aca||aabn | a|a d
040 ## - CATALOGING SOURCE
- Original cataloging agency: OSt
- Transcribing agency: OSt
100 ## - HEADING--PERSONAL NAME
- Personal name: Gilbert, M Masters
670 ## - SOURCE DATA FOUND
- Source citation: Work cat.: (OSt)2742: Gilbert, M Masters ., Introduction to environmented engineering and science / , 2001.
